Bandas de heavy metal por canciones - Estadísticas

Estadísticas generales
  • Esta prueba ha sido intentada 16 veces
  • La puntuación promedio es 14 de 23
Estadísticas de respuestas
Canciones Banda % Correcto
Master of PuppetsOne Creeping death Metallica
100%
ParanoidIron man War pigs Black Sabbath
92%
Crazy TrainBark at the moon Mama, I'm coming home Ozzy Osbourne
92%
Chop suey!Toxicity Lonely day System of a Down
92%
The trooperFear of the dark The number of the beast Iron Maiden
85%
Breaking the lawPainkiller You've got another thing coming Judas Priest
85%
Symphony of destructionPeace sells Hangar 18 Megadeth
85%
WalkThis love Cemetery gates Pantera
85%
Ace of spadesOverkill The game Motörhead
77%
We're not gonna take itI wanna rock The price Twisted Sister
77%
Kickstart my heartDr. Feelgood Girls, girls, girls Mötley Crüe
69%
Holy DiverThe last in line Stand up and shout Dio
62%
Warriors of the world unitedBattle hymn Kings of metal Manowar
62%
Raining bloodSouth of heaven War ensemble Slayer
62%
Through the fire and flamesFury of the storm Cry thunder Dragonforce
54%
I want outFuture world Eagle fly free Helloween
54%
MadhouseIndians Bring the noise Anthrax
46%
The bard's songMirror mirror
Nightfall
Blind Guardian
46%
Primo victoriaThe last stand Fields of Verdun Sabaton
31%
Princess of the nightRide like the wind Wheels of steel Saxon
23%
Guardians of AsgardTwilight of the Thunder God The pursuit of vikings Amon Amarth
15%
Violent revolutionHail to the hords Riot of violence Kreator
15%
Norwegian reggaetonValhalleluja Pasadena 1994 Nanowar of Steel
15%
No se encontraron pruebas coincidentes
Distribución de puntuación
Porcentaje de gente con cada puntuación
Porcentaje por número respondido
Historial de tus puntuaciones
No has intentado esta prueba.